| 000 | 00964nam a2200289 i 4500 | ||
|---|---|---|---|
| 003 | EG-GICUC | ||
| 005 | 20260429191230.0 | ||
| 008 | 260429s1957 fr ||||fr|||| 000 0 fre d | ||
| 040 |
_aEG-GiCUC _bfre _cEG-GiCUC _dEG-GiCUC _erda |
||
| 082 | 0 | 4 |
_221 _a343.425 _bLE . S |
| 092 | 0 | 4 | _221 |
| 099 | _aLaw1 10 343.425 LE . S 1957 | ||
| 100 | 1 |
_aLéauté, Jacques _eAuteur |
|
| 245 | 1 | 0 |
_aSecret Militaire Et Liberté De La Presse : _bÉtude De Droit Pénal Comparé / _cJacques Léauté ; G. Turpault. |
| 264 | 3 |
_aParis : _bPresses Universitaires De France, _c1957. |
|
| 300 |
_a126pages : _billustrations, _c24 cm |
||
| 336 |
_2rda content _atext |
||
| 337 |
_2rda media _aComputer |
||
| 338 |
_2rda carrier _aOnline Resource |
||
| 546 | _aTexte en français | ||
| 650 | 1 | 4 |
_aDroit pénal _2 |
| 651 | 1 | _2 | |
| 700 | 1 |
_aTurpault, G _ePréfacier |
|
| 856 | 4 | 0 | _uhttps://fll.law.cu.edu.eg/fulltext/bks/B10-10856.pdf |
| 905 | _a50 | ||
| 942 |
_2ddc _cBK _e21 _n0 |
||
| 999 |
_c74319 _d74319 |
||